| 000 | 00545nam a22001457a 4500 | ||
|---|---|---|---|
| 008 | 230608b |||||||| |||| 00| 0 eng d | ||
| 040 |
_aNational Science Library _cNational Science Library |
||
| 080 |
_a620.91.001.6(202)(082.2) _bL8 |
||
| 245 |
_aNational solar energy convention of solar energy society _c/ Central Salt and Marine Chemicals Research Institute |
||
| 260 |
_aBhavnagar: _bCentral Salt and Marine Chemicals Research Institute, _c1978 |
||
| 300 | _a734p. | ||
| 650 | _aScience | ||
| 653 | _aNatural resources | ||
| 942 |
_2udc _cPR |
||
| 999 |
_c41261 _d41261 |
||